000 00303nam a22001337a 4500
008 170405b xxu||||| |||| 00| 0 eng d
020 _a9780781728614
041 _aeng
080 _24TH
_a616.34
100 _a9
101 _aSHM
245 _aTEXTBOOK OF GASTROENETEROLOGY
_cYAMADA, T
942 _2udc
_cBK
999 _c9869
_d9869